书目信息 |
| 题名: |
精细化工反应过程与设备
|
|
| 作者: | 张晓娟 编著 | |
| 分册: | ||
| 出版信息: | 北京 中国石化出版社 2008.08 |
|
| 页数: | 229页 | |
| 开本: | 26cm | |
| 丛书名: | ||
| 单 册: | ||
| 中图分类: | TQ03 , TQ05 | |
| 科图分类: | ||
| 主题词: | 精细化工--jing xi hua gong--化学反应工程--高等学校--教材 | |
| 电子资源: | ||
| ISBN: | 978-7-80229-647-3 | |
| 000 | 01050nam0 2200265 450 | |
| 001 | 012009862578 | |
| 005 | 20090103133531.03 | |
| 010 | @a978-7-80229-647-3@dCNY35.00 | |
| 100 | @a20090103d2008 em y0chiy0120 ea | |
| 101 | 0 | @achi |
| 102 | @aCN@b110000 | |
| 105 | @aak a 000yy | |
| 106 | @ar | |
| 200 | 1 | @a精细化工反应过程与设备@Ajing xi hua gong fan ying guo cheng yu she bei@f张晓娟编著@Fzhang xiao juan bian zhu |
| 210 | @a北京@c中国石化出版社@d2008.08 | |
| 215 | @a229页@c图@d26cm | |
| 300 | @a高等院校“十一五”规划教材 | |
| 320 | @a有书目 (第229页) | |
| 330 | @a本书介绍了精细化学品生产特点及其对反应器的要求,反应器设计的基本概念、基本方法及均相反应器动力学等基础知识,在此基础上分别介绍了间歇釜式反应器、连续釜式反应器、塔式反应器、固定床反应器和流化床反应器的设计与分析及停留时间分布与流动模型等。 | |
| 606 | 0 | @a精细化工@Ajing xi hua gong@x化学反应工程@x高等学校@j教材 |
| 690 | @aTQ03@v4 | |
| 690 | @aTQ05@v4 | |
| 701 | 0 | @a张晓娟@Azhang xiao juan@4编著 |
| 801 | 0 | @aCN@bQSSK@c20090103 |
| 905 | @b736506-08@dTQ03@eZ212@f3 | |
| 精细化工反应过程与设备/张晓娟编著.-北京:中国石化出版社,2008.08 |
| 229页:图;26cm |
| 高等院校“十一五”规划教材 |
| ISBN 978-7-80229-647-3:CNY35.00 |
| 本书介绍了精细化学品生产特点及其对反应器的要求,反应器设计的基本概念、基本方法及均相反应器动力学等基础知识,在此基础上分别介绍了间歇釜式反应器、连续釜式反应器、塔式反应器、固定床反应器和流化床反应器的设计与分析及停留时间分布与流动模型等。 |
| ● |
| 相关链接 |
|
|
|
正题名:精细化工反应过程与设备
索取号:TQ03/Z212
 
预约/预借
| 序号 | 登录号 | 条形码 | 馆藏地/架位号 | 状态 | 备注 |
| 1 | 736506 | 207365064 | 期刊室512/501自科库 138排2列1层/ [索取号:TQ03/Z212] | 在馆 | |
| 2 | 736507 | 207365073 | 自科库501/501自科库 138排2列1层/ [索取号:TQ03/Z212] | 在馆 | |
| 3 | 736508 | 207365082 | 自科库501/501自科库 138排2列1层/ [索取号:TQ03/Z212] | 在馆 |